000 00607nam a2200253 a 4500
001 nice12345678
003 IN_TiNIC
005 20260116012244.0
008 050524s1951 lona grp 000 0 eng
020 _a
_c100
082 0 0 _a230.3
_bRIC
100 _aRichardson, A
245 _aTheological Word Book of the Bible
260 _aLondon
_bScm Press
_c1951
300 _a290p
500 _aincludes index and biblioraphy
505 2 _aIndices
650 _aDictionary-Bible
650 _aTheology-Dictionary
700 1 _aRichardson, A
902 _bRBA
942 _cBK
999 _c6264
_d6264